00578 2200205 4500001002100000008004100021035002000062245007300082100001800155250001000173260004700183300002800230020002200258084001700280520002600297082001100323650001600334990001100350990001100361INLIS000000000014812 ind  a0010-1022000130 aBahagia saat sakitcFahrur Mu'is;penyunting, Muhammad Syakir Masthur aFAHRUR, Mu'is acet.1 aSolo :bPustaka Qur'an Sunnah (PQS),c2021 a138 hlm.: ilus.c19 cm. a978-602-1243-71-8 a297.41 FAH b aBibliografi.: 138 hlm a297.41 aISLAM.FIKIH a9682 a a9682 b